Southville International School and Colleges
Your cart is empty.
  • Cart
  • Lists
    Public lists Eva Luna New books Lux_list list_1
    Your lists Log in to create your own lists
  • Log in to your account
  • Your cookies
  • Search history
Southville International School and Colleges
  • Advanced search
  • Recent comments
  • Most popular
  • Libraries

Log in to your account

Log in with GOOGLE


If you do not have an external account, but do have a local account, you can still log in:

  1. Home
  2. MARC view: Truth unplugged :
Normal view MARC view ISBD view

Truth unplugged : (Record no. 574)

[ view plain ]
MARC details
000 -LEADER
fixed length control field 01170cam a2200349 a 4500
001 - CONTROL NUMBER
control field 14288292
003 - CONTROL NUMBER IDENTIFIER
control field OSt
005 - DATE AND TIME OF LATEST TRANSACTION
control field 20140310181633.0
008 - FIXED-LENGTH DATA ELEMENTS--GENERAL INFORMATION
fixed length control field 060306s2005 cou 001 0 eng d
010 ## - LIBRARY OF CONGRESS CONTROL NUMBER
LC control number 2006295459
020 ## - INTERNATIONAL STANDARD BOOK NUMBER
International Standard Book Number 1562922181
035 ## - SYSTEM CONTROL NUMBER
System control number (OCoLC)ocm60764505
040 ## - CATALOGING SOURCE
Original cataloging agency IG#
Transcribing agency IG#
Modifying agency BAKER
-- DLC
042 ## - AUTHENTICATION CODE
Authentication code lccopycat
050 00 - LIBRARY OF CONGRESS CALL NUMBER
Classification number BV 4531.3
Item number .B885 2005
082 00 - DEWEY DECIMAL CLASSIFICATION NUMBER
Classification number TR 248.832
Item number T77g 2005
100 1# - MAIN ENTRY--PERSONAL NAME
Personal name Burns, Jim,
Dates associated with a name 1953-
9 (RLIN) 1353
245 10 - TITLE STATEMENT
Title Truth unplugged :
Remainder of title real anwsers for the tough questions teens ask /
Statement of responsibility, etc by Jim Burns.
246 30 - VARYING FORM OF TITLE
Title proper/short title Real answers for the tough questions teens ask
260 ## - PUBLICATION, DISTRIBUTION, ETC. (IMPRINT)
Place of publication, distribution, etc Colorado Springs, CO :
Name of publisher, distributor, etc Honor Books,
Date of publication, distribution, etc c2005.
300 ## - PHYSICAL DESCRIPTION
Extent 253 p. ;
Dimensions 22 cm.
500 ## - GENERAL NOTE
General note Includes index.
521 ## - TARGET AUDIENCE NOTE
Target audience note
Source Lexile
526 ## - STUDY PROGRAM INFORMATION NOTE
Reading level 1210L to 1700L
541 ## - IMMEDIATE SOURCE OF ACQUISITION NOTE
-- 1
562 ## - COPY AND VERSION IDENTIFICATION NOTE
Number of copies For circulation. 1 copy in the collection
650 #0 - SUBJECT ADDED ENTRY--TOPICAL TERM
Topical term or geographic name as entry element Teenagers
General subdivision Conduct of life.
9 (RLIN) 1354
650 #0 - SUBJECT ADDED ENTRY--TOPICAL TERM
Topical term or geographic name as entry element Christian teenagers
General subdivision Religious life.
9 (RLIN) 1355
906 ## - LOCAL DATA ELEMENT F, LDF (RLIN)
a 7
b cbc
c copycat
d 2
e ncip
f 20
g y-gencatlg
942 ## - ADDED ENTRY ELEMENTS (KOHA)
Source of classification or shelving scheme Library of Congress Classification
Koha item type
Call number prefix
Holdings
Withdrawn status Lost status Source of classification or shelving scheme Damaged status Home library Current library Shelving location Date acquired Total Checkouts Full call number Barcode Date last seen Copy number Price effective from Koha item type
    Library of Congress Classification   Luxembourg Library Luxembourg Library Teachers Reference Section 07/12/2013   BV 4541.3 .T874 2005 16024 08/13/2013 1 10/03/2013 Books

Truth unplugged :

APA

Burns J., . (2005). Truth unplugged. Colorado Springs, CO: Honor Books.

Chicago

Burns Jim, . 2005. Truth unplugged. Colorado Springs, CO: Honor Books.

Harvard

Burns J., . (2005). Truth unplugged. Colorado Springs, CO: Honor Books.

MLA

Burns Jim, . Truth unplugged. Colorado Springs, CO: Honor Books. 2005.

  • Place hold
  • Print
  • Cite
  • Add to your cart (remove)
  • Save record
    BIBTEX Dublin Core MARCXML MARC (non-Unicode/MARC-8) MARC (Unicode/UTF-8) MARC (Unicode/UTF-8, Standard) MODS (XML) RIS
  • More searches
    Search for this title in:
    Other Libraries (WorldCat) Other Databases (Google Scholar) Online Stores (Bookfinder.com) Open Library (openlibrary.org)

Exporting to Dublin Core...

SOUTHVILLE LIBRARY

Southville International School and Colleges Library

1281 Tropical Ave. Cor. Luxembourg St., BF Homes International, Las Pinas City

Tel. No. 8256374 / 252358 Loc. 117/146

Powered by Koha